[Event "New York op"]
[Site "Newark"]
[Date "1995.??.??"]
[Round "?"]
[White "Oll, Lembit"]
[Black "Wojtkiewicz, Aleksander"]
[Result "1-0"]
[WhiteElo "2610"]
[BlackElo "2530"]
[PlyCount "76"]
[EventDate "1995.04.12"]
[EventType "swiss"]
[EventRounds "9"]
[EventCountry "USA"]
[Source "ChessBase"]
[SourceDate "2001.11.25"]
[WhiteTeamCountry "EST"]
[BlackTeamCountry "RUS"]

1. e4 c5 2. Nf3 d6 3. d4 cxd4 4. Nxd4 Nf6 5. Nc3 a6 6. Bg5 e6 7. f4 Qc7 8. Bxf6
gxf6 9. Be2 Nc6 10. Nb3 Qb6 11. Qd2 h5 12. O-O-O Bd7 13. Rhf1 O-O-O 14. Kb1 Kb8
15. Rf3 h4 16. Bf1 Bc8 17. Qe1 Be7 18. Rh3 f5 19. exf5 d5 20. fxe6 Bxe6 21.
Rhd3 Bb4 22. a3 Bxc3 23. Qxc3 Bg4 24. Rc1 d4 25. Qc5 Qc7 26. Qg5 Be6 27. Qf6
Qb6 28. f5 Bc4 29. Rxd4 Bxb3 30. Rxd8+ Rxd8 31. cxb3 Rd2 32. Qxh4 Ka7 33. Qg3
Nd4 34. Bc4 Nxf5 35. Qe5 Nd4 36. Bxf7 Ne2 37. Rf1 Nd4 38. b4 Rxg2 1-0

[Event "New York op"]
[Site "Newark"]
[Date "1995.??.??"]
[Round "?"]
[White "Van Wely, Loek"]
[Black "Oll, Lembit"]
[Result "1/2-1/2"]
[WhiteElo "2580"]
[BlackElo "2610"]
[PlyCount "21"]
[EventDate "1995.04.12"]
[EventType "swiss"]
[EventRounds "9"]
[EventCountry "USA"]
[Source "ChessBase"]
[SourceDate "2001.11.25"]
[WhiteTeamCountry "EST"]
[BlackTeamCountry "RUS"]

1. d4 d5 2. c4 c6 3. Nc3 Nf6 4. Nf3 e6 5. Bg5 Nbd7 6. cxd5 cxd5 7. e3 Be7 8.
Bd3 O-O 9. O-O b6 10. h3 Bb7 11. Rc1 1/2-1/2

[Event "New York op"]
[Site "Newark"]
[Date "1995.??.??"]
[Round "2"]
[White "Burnett, Ronald"]
[Black "Oll, Lembit"]
[Result "0-1"]
[WhiteElo "2370"]
[BlackElo "2610"]
[PlyCount "52"]
[EventDate "1995.04.12"]
[EventType "swiss"]
[EventRounds "9"]
[EventCountry "USA"]
[Source "ChessBase"]
[SourceDate "1995.09.01"]
[WhiteTeamCountry "EST"]
[BlackTeamCountry "RUS"]

1. e4 c5 2. Nf3 d6 3. d4 Nf6 4. Nc3 cxd4 5. Nxd4 a6 6. g3 e6 7. Bg2 Qc7 8. O-O
Nc6 9. a4 Be7 10. b3 O-O 11. Bb2 Bd7 12. Nde2 Rab8 13. Nf4 b5 14. axb5 axb5 15.
Nh5 Nxh5 16. Qxh5 Bf6 17. Rfb1 Nd4 18. Qd1 Nxc2 19. Ra6 b4 20. Na2 Be7 21. Rc1
Qb7 22. Ra5 Ra8 23. Rh5 e5 24. Rxc2 Rxa2 25. Bf1 g6 26. Rh6 Bg5 0-1

[Event "New York op"]
[Site "Newark"]
[Date "1995.??.??"]
[Round "5"]
[White "Oll, Lembit"]
[Black "Cifuentes Parada, Roberto"]
[Result "1-0"]
[WhiteElo "2610"]
[BlackElo "2535"]
[PlyCount "81"]
[EventDate "1995.04.12"]
[EventType "swiss"]
[EventRounds "9"]
[EventCountry "USA"]
[Source "ChessBase"]
[SourceDate "2001.11.25"]
[WhiteTeamCountry "EST"]
[BlackTeamCountry "RUS"]

1. e4 e5 2. Nf3 d6 3. Bc4 Be7 4. d4 exd4 5. Nxd4 Nf6 6. Nc3 O-O 7. f3 c6 8. O-O
d5 9. exd5 Nxd5 10. Nxd5 cxd5 11. Bb3 Nc6 12. c3 Bd6 13. Be3 Re8 14. Qd2 Na5
15. Nb5 Nxb3 16. axb3 Bb8 17. Bf4 Qb6+ 18. Nd4 Bxf4 19. Qxf4 Bd7 20. Rfe1 f6
21. b4 Rad8 22. h3 a6 23. Kh2 Kf7 24. Qg3 Bc8 25. Rxe8 Rxe8 26. Ra5 Qd8 27. Rc5
Re5 28. f4 Re4 29. f5 Re5 30. Nf3 Re8 31. Qc7+ Qe7 32. Nd4 b6 33. Qxe7+ Kxe7
34. Rc6 Kd7 35. Rxb6 Re1 36. Ne6 Re2 37. Nxg7 Rxb2 38. Rxf6 Rc2 39. Rf7+ Kd6
40. Ne8+ Ke5 41. f6 1-0

[Event "New York op"]
[Site "Newark"]
[Date "1995.??.??"]
[Round "7"]
[White "Oll, Lembit"]
[Black "Benjamin, Joel"]
[Result "0-1"]
[WhiteElo "2610"]
[BlackElo "2570"]
[PlyCount "90"]
[EventDate "1995.04.12"]
[EventType "swiss"]
[EventRounds "9"]
[EventCountry "USA"]
[Source "ChessBase"]
[SourceDate "1995.09.01"]
[WhiteTeamCountry "EST"]
[BlackTeamCountry "RUS"]

1. e4 c5 2. Nf3 Nc6 3. d4 cxd4 4. Nxd4 e6 5. Nc3 Qc7 6. Be2 a6 7. Be3 b5 8.
Nxc6 Qxc6 9. O-O Bb7 10. a3 Rc8 11. Qd2 Bc5 12. Rad1 Nf6 13. Bf3 Bxe3 14. Qxe3
Qc5 15. e5 Bxf3 16. gxf3 Nd5 17. Nxd5 exd5 18. c3 O-O 19. Qd3 Rfe8 20. Qxd5
Rxe5 21. Qxd7 Rce8 22. Qd6 Qc8 23. Rd5 R5e6 24. Qf4 Rf6 25. Qg4 Qc6 26. Qd7
Qxd7 27. Rxd7 h6 28. Rfd1 Re2 29. R7d2 Rxd2 30. Rxd2 Rxf3 31. Rd6 a5 32. Rd8+
Kh7 33. Rd5 b4 34. axb4 axb4 35. Kg2 Rf4 36. Rd4 Rxd4 37. cxd4 Kg6 38. Kf3 Kf5
39. Ke3 Ke6 40. Ke4 f5+ 41. Kf4 g5+ 42. Ke3 Kd5 43. f3 Kc4 44. b3+ Kd5 45. h3
h5 0-1

[Event "New York op"]
[Site "Newark"]
[Date "1995.??.??"]
[Round "8"]
[White "Nijboer, Friso"]
[Black "Oll, Lembit"]
[Result "0-1"]
[WhiteElo "2510"]
[BlackElo "2610"]
[PlyCount "68"]
[EventDate "1995.04.12"]
[EventType "swiss"]
[EventRounds "9"]
[EventCountry "USA"]
[Source "ChessBase"]
[SourceDate "1995.09.01"]
[WhiteTeamCountry "EST"]
[BlackTeamCountry "RUS"]

1. e4 c5 2. d3 Nc6 3. g3 d5 4. Nd2 Nf6 5. Bg2 e5 6. Ngf3 Be7 7. O-O O-O 8. a4
Qc7 9. exd5 Nxd5 10. Nc4 Nf6 11. Ne3 Be6 12. Nd2 Rad8 13. a5 Nd5 14. Nxd5 Bxd5
15. Bxd5 Rxd5 16. Nc4 e4 17. Bf4 Qd7 18. Ne3 Rd4 19. f3 f5 20. Ng2 c4 21. Be3
cxd3 22. Bxd4 Nxd4 23. cxd3 exf3 24. Ne1 Qd5 25. Nxf3 Bc5 26. Kh1 Re8 27. Rc1
b6 28. axb6 axb6 29. b4 Re3 30. bxc5 Nxf3 31. Rxf3 Rxf3 32. Kg1 bxc5 33. Qc2
Rxd3 34. Qxc5 Rd1+ 0-1

[Event "Moscow PCA qual"]
[Site "Moscow"]
[Date "1996.??.??"]
[Round "7"]
[White "Oll, Lembit"]
[Black "Goldin, Alexander"]
[Result "1-0"]
[WhiteElo "2640"]
[BlackElo "2600"]
[PlyCount "87"]
[EventDate "1996.??.??"]
[EventType "swiss"]
[EventRounds "11"]
[EventCountry "RUS"]
[Source "ChessBase"]
[SourceDate "1996.07.01"]
[WhiteTeamCountry "EST"]
[BlackTeamCountry "RUS"]

1. d4 Nf6 2. c4 e6 3. Nf3 Bb4+ 4. Bd2 Qe7 5. g3 Nc6 6. Nc3 O-O 7. Bg2 Bxc3 8.
Bxc3 Ne4 9. Rc1 d6 10. d5 Nd8 11. dxe6 Nxe6 12. Bb4 f5 13. O-O Bd7 14. b3 c5
15. Ba3 Bc6 16. Bb2 Rae8 17. Qd3 Qf7 18. Rcd1 Qh5 19. Nd2 N6g5 20. Nxe4 fxe4
21. Qe3 Nh3+ 22. Bxh3 Qxh3 23. Qg5 g6 24. Rxd6 Qf5 25. Qxf5 Rxf5 26. Bc1 h5 27.
Rxg6+ Kf7 28. Rd6 Rg8 29. Be3 h4 30. Rh6 hxg3 31. fxg3 Rxf1+ 32. Kxf1 Rd8 33.
g4 Rd1+ 34. Kf2 Ra1 35. Bxc5 Rxa2 36. g5 Rb2 37. Bd4 e3+ 38. Kxe3 Rxb3+ 39. Kd2
Be4 40. Rf6+ Kg8 41. Bxa7 Rh3 42. Bb8 Bc6 43. Bg3 Rh7 44. h4 1-0

[Event "Parnu-A"]
[Site "Parnu"]
[Date "1996.02.02"]
[Round "1"]
[White "Oll, Lembit"]
[Black "Hracek, Zbynek"]
[Result "1-0"]
[WhiteElo "2640"]
[BlackElo "2650"]
[PlyCount "95"]
[EventDate "1996.02.??"]
[EventType "tourn"]
[EventRounds "10"]
[EventCountry "EST"]
[EventCategory "17"]
[Source "ChessBase"]
[SourceDate "1996.06.01"]
[WhiteTeamCountry "EST"]
[BlackTeamCountry "RUS"]

1. e4 c5 2. Nf3 Nc6 3. d4 cxd4 4. Nxd4 Nf6 5. Nc3 d6 6. Bg5 e6 7. Qd2 Be7 8.
O-O-O O-O 9. f4 Nxd4 10. Qxd4 Qa5 11. Bc4 Bd7 12. e5 dxe5 13. fxe5 Bc6 14. Bd2
Nd7 15. Nd5 Qd8 16. Nxe7+ Qxe7 17. Rhe1 Rfd8 18. Qg4 Nf8 19. Bd3 Rxd3 20. cxd3
Qd7 21. Bb4 Qd5 22. Bxf8 Rxf8 23. Kb1 Qxg2 24. Qxg2 Bxg2 25. Re3 f5 26. exf6
Rxf6 27. Rg1 Bd5 28. Reg3 g6 29. h4 Rf5 30. Rg5 Rf3 31. Kc2 Kg7 32. h5 a5 33.
hxg6 h6 34. R5g3 Rf8 35. a3 h5 36. Kd2 Rh8 37. Rh3 e5 38. Re3 e4 39. dxe4 Bc6
40. Ke2 h4 41. Kf2 h3 42. Kg3 Kxg6 43. Kh2+ Kf6 44. e5+ Ke6 45. Rg6+ Kd5 46.
Rd6+ Kc4 47. e6 Kc5 48. Rd2 1-0

[Event "Parnu-A"]
[Site "Parnu"]
[Date "1996.02.03"]
[Round "2"]
[White "Short, Nigel"]
[Black "Oll, Lembit"]
[Result "1-0"]
[WhiteElo "2665"]
[BlackElo "2640"]
[Annotator "Khalifman"]
[PlyCount "63"]
[EventDate "1996.02.??"]
[EventType "tourn"]
[EventRounds "10"]
[EventCountry "EST"]
[EventCategory "17"]
[Source "ChessBase"]
[SourceDate "1996.06.01"]
[WhiteTeamCountry "EST"]
[BlackTeamCountry "RUS"]

1. e4 {Short Ftacnik Hecht} d5 2. exd5 Qxd5 3. Nc3 Qa5 4. Be2 Nf6 5. Nf3 c6 6.
h3 {?! Short} (6. O-O {Ftacnik} Bf5 7. d4 (7. b4 $5) 7... e6 (7... Nbd7 8. a3
Qc7 9. Re1 e6 10. b4 Bd6 11. h3 a5 12. b5 Nd5 13. Nxd5 cxd5 14. Bd3 {
0-1 Suri,H-Wahls,M/Bern op (01)/1994 (26)}) 8. Nh4 (8. Ne5 Nbd7 9. Nc4 (9. Bf4
Nxe5 10. Bxe5 Bb4 11. Bd3 Bg4 12. f3 Bh5 13. Ne4 Nxe4 14. Bxe4 f6 15. Bg3 O-O-O
16. c3 Bd6 17. Bxd6 Rxd6 18. b4 Qb6 19. a4 e5 {
1/2-1/2 Vilar,M-Cenal,R/Candas op (09)/1992/}) 9... Qc7 10. Bg5 Nb6 11. Ne3 Bg6
12. Ng4 Nxg4 13. Bxg4 Bd6 14. h3 O-O 15. Bf3 h6 16. Be3 Rad8 17. Qe2 Rfe8 18.
Be4 Bxe4 19. Nxe4 {1/2-1/2 Nyander,J-Blomstrom,L/SVE-chB Borlange/1995}) 8...
Bg6 9. Nxg6 hxg6 10. Bf4 Nbd7 11. Bf3 Bb4 12. Ne4 Nxe4 13. Bxe4 g5 14. Be3
O-O-O 15. a3 Bd6 16. g3 g4 17. b4 Qh5 18. Re1 Qxh2+ 19. Kf1 f5 {
0-1 Aginian,N-Khasaeva,V/WchJW-U16 Szeged (03)/1994 (34)}) 6... Bf5 (6... e5
$10 {Short}) 7. O-O {Short plays the opening rather modestly.Somehow Oll is
"Sicilian" player who has very little experience in positions of this type.So
step by step little inaccuracies lead him to the deep trouble.} Nbd7 (7... e6
$5 8. d4 Bd6) 8. d4 e6 9. Nh4 Bg6 (9... Be7 10. Nxf5 Qxf5 11. Re1 $14) 10. Nxg6
hxg6 11. Bf4 Rd8 $6 {
Square d8 is sometimes necessary for Black queen.Black should play} (11... Be7
{Short}) (11... Bb4 $142 {Short} 12. Qd3 Qf5 $10) (11... O-O-O $5 12. a3 g5
$132) 12. a3 $1 Nb6 {?! Short} (12... e5 {Short} 13. dxe5 Nxe5 14. Qe1 $1 {/\}
Bd6 15. Nb5 $1 $16) (12... Be7 $142 13. b4 {Short} (13. Qd2 $1 {
with the threat 14.b4 Qf5 15.g4}) (13. Re1 {Ftacnik} O-O 14. b4 Qf5 15. Qc1 $16
) 13... Qf5 $14) 13. Be5 $1 {This nice move was probably underestimated by Oll
when he played his 11-th move.} Nbd5 (13... Na4 {Ftacnik} 14. Nxa4 Qxa4 15. c4
Qxd1 16. Raxd1 $14) 14. Nxd5 (14. b4 $5 Nxc3 15. bxa5 Nxd1 16. Rfxd1 $36) 14...
exd5 $6 {
After this capture Black suddenly meets serious problems.The alternatives are:}
(14... cxd5 15. b4 (15. c3 {Ftacnik} Nd7 16. Qb3 $16) 15... Qb6 16. c4 dxc4 17.
Qa4+ $1 $16 {also looks dubious for Black}) (14... Qxd5 $142 $1 15. c4 Qd7 $14
{White is only slightly better.} 16. Qb3 {Short} Bd6 17. Rad1) (14... Nxd5 $1 {
Ftacnik} 15. c4 Nf6 16. b4) 15. b4 Qb6 (15... Qa4 16. Bd3 Be7 17. f4 $16) 16.
c4 $1 dxc4 (16... Rd7 {Ftacnik} 17. c5 Qd8 18. b5 $16) 17. Bxc4 Be7 (17... Bd6
18. Qc2 Bxe5 19. dxe5 Nd5 20. e6 $16) 18. Qc2 $1 {The point.Now Black can't
castle.The most important thing about it is even not the safety of his king
but the fact that Black rooks will remain disconnected now.} Kf8 (18... O-O $2
{Short} 19. Qxg6) 19. Rae1 Nd5 (19... Rh5 {Ftacnik} 20. Qb3 Nd5 21. Bxd5 Rxd5
22. Bxg7+ Kxg7 23. Rxe7 $16) 20. Re2 (20. Re4 $142 {Short}) (20. Bxd5 {Short}
Rxd5 21. Bxg7+ Kxg7 22. Rxe7 Rxd4 $16) 20... Bf6 (20... f6 {Ftacnik} 21. Bg3
Qxd4 22. Rfe1 Rd7 23. Re4 $1 Qc3 (23... Qb6 24. Bxd5 cxd5 25. Rxe7 Rxe7 26.
Qc8+ Kf7 27. Rxe7+ Kxe7 28. Qxh8 $18) 24. Qxc3 Nxc3 25. Rxe7 Rxe7 26. Bd6 $18)
21. Rfe1 Kg8 {Black can't play} (21... Rh4 {because of} 22. Bd6+ $1 {
Much better than} (22. Bxd5 Bxe5) 22... Kg8 23. Bxd5 Rxd6 24. Qxg6 $18) (21...
Bxe5 22. dxe5 Nf4 23. Rd2 Qc7 24. Rxd8+ Qxd8 25. e6 Qe7 (25... Qg5 {Ftacnik}
26. e7+ Ke8 27. Qe4 $18) 26. Qe4 $16) 22. Re4 {
White's position is clearly better because of Black discoordinated pieces.} Rh4
$2 {Trying to change "bad" rook is tactically bad.Black had to try} (22... Rh5
{Ftacnik} 23. Bxf6 gxf6 24. Qd3 $16) (22... Bxe5 {Ftacnik} 23. dxe5 a5 24. e6
$1 $18) (22... a5 $142 $5 {,although his position is worse anyway.}) 23. Bxd5 {
+- Short} cxd5 {The alternative} (23... Rxd5 24. Bxf6 Rxe4 25. Qxe4 gxf6 26.
Qe8+ Kg7 27. Re7 Qxd4 28. h4 $1 $18 {gives White mating attack.} (28. Rxf7+ {
Short} Kh6 29. g3 $18 Rf5 $14 {Fritz})) 24. Rxh4 Bxh4 25. Bc7 Rc8 (25... Bxf2+
{Short} 26. Kxf2 Qxd4+ 27. Kf1 Rc8 28. Be5 $18 (28. Be5 {Ftacnik} Rxc2 29. Bxd4
$18)) 26. Re8+ $1 Rxe8 27. Bxb6 axb6 {
Hecht:  D-TL: schwache schwarze Damenflügelbauern, Zentralisation K, einfach} (
27... Re1+ {Ftacnik} 28. Kh2 axb6 29. Qc8+ Kh7 30. g3 Bf6 31. Qxb7 Bxd4 32.
Qxd5 Bxf2 33. Qxf7 $18) 28. Kf1 {
Due to Black's numerous pawn weaknesses this ending is simple technical work.}
Ra8 (28... Bf6 {Ftacnik} 29. Qb3 Rd8 30. Qc3 $18) 29. Qb3 Rd8 (29... Bf6 {
Ftacnik} 30. Qxd5 Rxa3 31. Ke2 $18) 30. Ke2 Bf6 31. Kd3 Kf8 32. Qa4 {
Black resigned because of inevitable 33.Qa7,winning one of b-pawns.} (32. Qa4 {
Ftacnik} Ke7 33. Qa7 Rd7 34. Qxb6 $18) 1-0

[Event "Parnu-A"]
[Site "Parnu"]
[Date "1996.02.04"]
[Round "3"]
[White "Oll, Lembit"]
[Black "Khalifman, Alexander"]
[Result "1/2-1/2"]
[WhiteElo "2640"]
[BlackElo "2650"]
[PlyCount "25"]
[EventDate "1996.02.??"]
[EventType "tourn"]
[EventRounds "10"]
[EventCountry "EST"]
[EventCategory "17"]
[Source "ChessBase"]
[SourceDate "1996.06.01"]
[WhiteTeamCountry "EST"]
[BlackTeamCountry "RUS"]

1. d4 Nf6 2. c4 e6 3. Nf3 b6 4. g3 Ba6 5. Nbd2 d5 6. Bg2 Be7 7. O-O O-O 8. Ne5
Bb7 9. b3 c5 10. dxc5 bxc5 11. Bb2 Nbd7 12. Nxd7 Qxd7 13. cxd5 1/2-1/2

[Event "Parnu-A"]
[Site "Parnu"]
[Date "1996.02.05"]
[Round "4"]
[White "Ehlvest, Jaan"]
[Black "Oll, Lembit"]
[Result "1/2-1/2"]
[WhiteElo "2660"]
[BlackElo "2640"]
[PlyCount "31"]
[EventDate "1996.02.??"]
[EventType "tourn"]
[EventRounds "10"]
[EventCountry "EST"]
[EventCategory "17"]
[Source "ChessBase"]
[SourceDate "1996.06.01"]
[WhiteTeamCountry "EST"]
[BlackTeamCountry "RUS"]

1. c4 e6 2. Nc3 d5 3. d4 Nf6 4. Bg5 Be7 5. Nf3 h6 6. Bh4 O-O 7. e3 Nbd7 8. Rc1
c6 9. a3 b6 10. cxd5 cxd5 11. Bd3 Bb7 12. Ne2 Rc8 13. Rxc8 Qxc8 14. O-O Ba6 15.
Ne5 Bd6 16. Nxd7 1/2-1/2

[Event "Parnu-A"]
[Site "Parnu"]
[Date "1996.02.06"]
[Round "5"]
[White "Oll, Lembit"]
[Black "Sokolov, Ivan"]
[Result "1/2-1/2"]
[WhiteElo "2640"]
[BlackElo "2665"]
[PlyCount "31"]
[EventDate "1996.02.??"]
[EventType "tourn"]
[EventRounds "10"]
[EventCountry "EST"]
[EventCategory "17"]
[Source "ChessBase"]
[SourceDate "1996.06.01"]
[WhiteTeamCountry "EST"]
[BlackTeamCountry "RUS"]

1. d4 Nf6 2. c4 g6 3. Nc3 d5 4. Nf3 Bg7 5. Bg5 dxc4 6. e4 c5 7. d5 b5 8. d6
Qxd6 9. e5 Qxd1+ 10. Rxd1 Nfd7 11. Nxb5 Na6 12. Bxc4 Nb6 13. Be2 h6 14. Be3 O-O
15. Nc3 Bb7 16. O-O 1/2-1/2

[Event "Parnu-A"]
[Site "Parnu"]
[Date "1996.02.08"]
[Round "6"]
[White "Hracek, Zbynek"]
[Black "Oll, Lembit"]
[Result "1-0"]
[WhiteElo "2650"]
[BlackElo "2640"]
[Annotator "Chekhov"]
[PlyCount "67"]
[EventDate "1996.02.??"]
[EventType "tourn"]
[EventRounds "10"]
[EventCountry "EST"]
[EventCategory "17"]
[Source "ChessBase"]
[SourceDate "1996.06.01"]
[WhiteTeamCountry "EST"]
[BlackTeamCountry "RUS"]

1. e4 c5 2. Nf3 d6 3. d4 Nf6 4. Nc3 cxd4 5. Nxd4 a6 6. Be3 e6 7. g4 h6 8. f4
Nc6 9. h3 Qc7 (9... d5 $5 10. e5 Nd7 11. Qe2 (11. Qd2 $5) 11... Qh4+ $1 12. Kd2
(12. Bf2 Nxd4 13. Bxh4 Nxe2 14. Bxe2 g5 $1 $36) 12... Bc5 13. Nxc6 bxc6 14.
Bxc5 Nxc5 15. Qe3 Qe7 16. Rd1 Rb8 17. Kc1 a5 $15 {
Shirov,A-Salov,V/Moscow/1992/0|1/44/}) (9... Bd7 10. Qe2 Be7 11. Bg2 Qc7 12.
O-O Nxd4 13. Bxd4 e5 14. Be3 exf4 15. Rxf4 Be6 16. Nd5 Bxd5 17. exd5 O-O $10 {
Balashov,Y-Psakhis,L/Sverdlovsk/1987/0,5/31/}) 10. Qe2 Bd7 $5 (10... e5 $5 11.
Nb3 exf4 12. Bxf4 Be6 13. Nd5 Bxd5 14. exd5+ Ne5 15. O-O-O Nfd7 16. Kb1 g6 17.
Qd2 Bg7 18. Bd3 h5 $132 {Bologan,V-Novikov,I/Nikolaev/1995/0,5/42/}) 11. O-O-O
(11. Bg2 $22 b5 12. e5 $1) 11... b5 $5 12. Bg2 b4 13. Nd5 (13. Nb1 $6 Nxd4 14.
Bxd4 e5 15. Be3 Bb5 16. Qd2 Rc8 $36) 13... exd5 14. exd5 Nxd4 15. Bxd4+ Be7 16.
g5 (16. Rhe1 O-O 17. g5 (17. Qxe7 Rfe8 $19) 17... Rfe8 18. gxf6 Bxf6 19. Qf2
Bxd4 20. Qxd4 Bf5 21. Be4 Bxe4 22. Rxe4 Rxe4 23. Qxe4 Rc8 24. Rd2 Qc4 $1 $36)
16... Bb5 17. Qe3 Rc8 18. Rd2 hxg5 19. fxg5 Nd7 (19... Nh5 20. Re1 Kf8 21. h4
Re8 22. Qf3 $146) 20. Bxg7 Rg8 21. Re1 Ne5 22. Bxe5 dxe5 23. h4 Bd6 24. Be4 a5
(24... Qc5 25. Qf3 Rc7 26. Qf6 Re7 27. h5 $36) (24... Qe7 $5) 25. h5 a4 26. g6
(26. Kb1 $5) (26. h6 $5) 26... fxg6 27. Bxg6+ Kd8 28. Bf5 Ra8 (28... Bd7 29.
Be4 b3 30. a3 $146) 29. h6 b3 30. a3 $1 Qc5 31. h7 Rh8 32. Qh6 $16 Kc7 33. Kb1
Kb7 34. Rc1 {T/} (34. Rc1 Qb6 (34... Raf8 $5 35. cxb3 Qb6 36. bxa4 Bxa4 37. Rc6
$6 (37. Bc2 Bb5 38. Be4 $16) 37... Qg1+ $6 (37... Bxc6 38. dxc6+ Ka8 39. Rxd6
Rxf5 40. c7 Qxc7 41. Ra6+ Kb7 $19) 38. Ka2 Bxc6 39. dxc6+ Ka8 40. Rxd6 Rxf5 41.
c7 $18) 35. c4 Ba6 36. c5 Bxc5 37. Qg7+ $18) 1-0

[Event "Parnu-A"]
[Site "Parnu"]
[Date "1996.02.09"]
[Round "7"]
[White "Oll, Lembit"]
[Black "Short, Nigel"]
[Result "1/2-1/2"]
[WhiteElo "2640"]
[BlackElo "2665"]
[PlyCount "26"]
[EventDate "1996.02.??"]
[EventType "tourn"]
[EventRounds "10"]
[EventCountry "EST"]
[EventCategory "17"]
[Source "ChessBase"]
[SourceDate "1996.06.01"]
[WhiteTeamCountry "EST"]
[BlackTeamCountry "RUS"]

1. e4 e6 2. d4 d5 3. Nc3 Bb4 4. exd5 exd5 5. Bd3 c6 6. Nge2 Ne7 7. O-O Bf5 8.
Ng3 Bxd3 9. Qxd3 O-O 10. Nce2 Na6 11. c3 Bd6 12. Bf4 Nc7 13. Rae1 Ne6 1/2-1/2

[Event "Parnu-A"]
[Site "Parnu"]
[Date "1996.02.10"]
[Round "8"]
[White "Khalifman, Alexander"]
[Black "Oll, Lembit"]
[Result "1/2-1/2"]
[WhiteElo "2650"]
[BlackElo "2640"]
[PlyCount "47"]
[EventDate "1996.02.??"]
[EventType "tourn"]
[EventRounds "10"]
[EventCountry "EST"]
[EventCategory "17"]
[Source "ChessBase"]
[SourceDate "1996.06.01"]
[WhiteTeamCountry "EST"]
[BlackTeamCountry "RUS"]

1. d4 Nf6 2. c4 g6 3. Nc3 d5 4. Nf3 Bg7 5. cxd5 Nxd5 6. e4 Nxc3 7. bxc3 c5 8.
Rb1 O-O 9. Be2 cxd4 10. cxd4 Qa5+ 11. Bd2 Qxa2 12. O-O b6 13. Qc1 Bb7 14. Bc4
Qa4 15. Bb5 Qa2 16. Bc4 Qa4 17. Bb5 Qa2 18. Re1 Rc8 19. Qd1 Qc2 20. Qe2 Nc6 21.
Bd3 Qa2 22. Bc4 Qa4 23. Bb5 Qc2 24. Bd3 1/2-1/2

[Event "Parnu-A"]
[Site "Parnu"]
[Date "1996.02.11"]
[Round "9"]
[White "Oll, Lembit"]
[Black "Ehlvest, Jaan"]
[Result "1/2-1/2"]
[WhiteElo "2640"]
[BlackElo "2660"]
[PlyCount "44"]
[EventDate "1996.02.??"]
[EventType "tourn"]
[EventRounds "10"]
[EventCountry "EST"]
[EventCategory "17"]
[Source "ChessBase"]
[SourceDate "1996.06.01"]
[WhiteTeamCountry "EST"]
[BlackTeamCountry "RUS"]

1. e4 e5 2. Nf3 Nc6 3. Bb5 a6 4. Ba4 Nf6 5. O-O Be7 6. Re1 b5 7. Bb3 d6 8. c3
O-O 9. h3 Nd7 10. d4 Bf6 11. a4 Bb7 12. Na3 Nb6 13. axb5 axb5 14. d5 Ne7 15.
Be3 c6 16. dxc6 Bxc6 17. Bxb6 Qxb6 18. Qxd6 Rfd8 19. Qb4 Qb7 20. Nh2 Ng6 21.
Bd5 Bxd5 22. exd5 Rab8 1/2-1/2

[Event "Parnu-A"]
[Site "Parnu"]
[Date "1996.02.13"]
[Round "10"]
[White "Sokolov, Ivan"]
[Black "Oll, Lembit"]
[Result "1-0"]
[WhiteElo "2665"]
[BlackElo "2640"]
[Annotator "Ftacnik,L"]
[PlyCount "43"]
[EventDate "1996.02.??"]
[EventType "tourn"]
[EventRounds "10"]
[EventCountry "EST"]
[EventCategory "17"]
[Source "ChessBase"]
[SourceDate "1996.06.01"]
[WhiteTeamCountry "EST"]
[BlackTeamCountry "RUS"]

1. d4 d5 2. Bg5 c5 3. e4 $5 dxe4 4. d5 Nd7 (4... h6 5. Bf4 Nf6 6. Nc3 a6 7. a4
e6 8. Bc4 Bd6 9. Nge2 exd5 10. Nxd5 Bxf4 11. Nexf4 O-O 12. Ng6 Nxd5 13. Nxf8
Qa5+ 14. c3 Nb6 15. Bxf7+ Kxf7 16. Qh5+ Kxf8 17. b4 Bg4 18. Qe5 {
1-0 Hodgson,J-Roeder,G/Bad Woerishofen op (02)/1995 (33)}) 5. Nc3 Ngf6 6. Qd2 (
6. Qe2 h6 7. Bf4 g6 8. O-O-O Bg7 9. d6 e5 10. Nxe4 O-O 11. Nxf6+ Qxf6 12. Bg3
Nb6 13. c3 Bf5 14. Nf3 Rfe8 15. Nh4 Bd7 16. Nf3 e4 17. Nd2 h5 18. f3 Bh6 19.
Kb1 h4 20. Be1 e3 21. Ne4 Bf5 22. Qc2 Bxe4 23. fxe4 {
1-0 Adams,M-Van der Sterren,P/Amsterdam Donner mem-A (09)/1994 (37)}) 6... g6
7. O-O-O Bg7 8. Bh6 Bxh6 $2 (8... O-O $5 9. h4) 9. Qxh6 a6 (9... Ng4 10. Qg7
Rf8 11. Nxe4 $40) (9... b6 10. Nh3 Bb7 11. Ng5 $40) 10. Nh3 Qc7 11. d6 $1 (11.
Ng5 Qe5 $1) 11... exd6 12. Ng5 d5 (12... e3 13. Qg7 Rf8 14. Re1 $16) (12... Qc6
13. Bc4 Ne5 14. Qg7 Rf8 15. Qxf6 Nxc4 16. Nd5 Qd7 17. Qg7 $18) 13. Nxd5 Nxd5
14. Rxd5 Qf4+ 15. Kb1 (15. Rd2 $5 b6 (15... Nf6 16. Bc4 $18) 16. g3 Qf5 17.
Nxe4 $18) 15... Nf6 $2 (15... Qxf2 16. Rd1 Nf6 (16... Qf5 17. Bc4 Rf8 18. Nxe4
$18) 17. Qg7 Rf8 18. Bc4 $18) 16. Rd8+ $1 Kxd8 (16... Ke7 17. Rxh8 Qxf2 18.
Qf8+ $18) 17. Nxf7+ Ke7 18. Qxf4 Kxf7 19. Bc4+ Kg7 (19... Be6 20. Qc7+ $18) 20.
Rd1 Bf5 (20... Bg4 21. Rd6 $18) 21. Qc7+ Kh6 22. h3 1-0

[Event "Ter Apel"]
[Site "Ter Apel"]
[Date "1996.??.??"]
[Round "1"]
[White "Nikolic, Predrag"]
[Black "Oll, Lembit"]
[Result "1/2-1/2"]
[WhiteElo "2645"]
[BlackElo "2640"]
[PlyCount "77"]
[EventDate "1996.03.??"]
[EventType "tourn"]
[EventRounds "5"]
[EventCountry "NED"]
[EventCategory "15"]
[Source "ChessBase"]
[SourceDate "1996.08.01"]
[WhiteTeamCountry "EST"]
[BlackTeamCountry "RUS"]

1. d4 d5 2. c4 c6 3. Nc3 Nf6 4. Nf3 e6 5. Bg5 Nbd7 6. e3 Qa5 7. Nd2 Bb4 8. Qc2
O-O 9. Nb3 Qa4 10. cxd5 cxd5 11. Bd3 b6 12. O-O Bxc3 13. Qxc3 Ba6 14. f3 Rac8
15. Qd2 h6 16. Bh4 Bxd3 17. Qxd3 Rc6 18. e4 dxe4 19. fxe4 e5 20. dxe5 Qxe4 21.
Qxe4 Nxe4 22. Rae1 Rc4 23. Rf4 Nd2 24. Rd4 Rxd4 25. Nxd4 Nc4 26. e6 fxe6 27.
Nxe6 Re8 28. b3 Nce5 29. Nd4 Rc8 30. h3 Rc5 31. Re2 Rd5 32. Bf2 Kf7 33. Rc2 Nd3
34. Be3 N7c5 35. Nf3 Nb4 36. Re2 Ne6 37. Kh2 Ra5 38. a4 Rd5 39. Bd2 1/2-1/2